| 000 | 00369nam a2200157Ia 4500 | ||
|---|---|---|---|
| 003 | Ost | ||
| 005 | 20260225132548.0 | ||
| 008 | 260225s9999||||xx |||||||||||||| ||und|| | ||
| 040 | _cfsic | ||
| 041 | _afre | ||
| 082 | _a440 | ||
| 100 |
_aGottfried stiehler _eAuteur |
||
| 245 | 0 | _aDer idealismus non kant bis Hegel / | |
| 245 | 0 | _cGottfried stiehler | |
| 942 | _cكتاب | ||
| 999 |
_c33984 _d33984 |
||